00299nam a2200121Ia 4500008004100000082001500041100001800056245004700074250000800121260003200129300000800161650000800169191201s2009 xx 000 0 und d a332.6bSIS aSINGH, Rohini 0aSecurity Analysis and Portfolio Management a1st aN. DelhibExcel Booksc2009 a381 aBBA